000 00292nam a22001337a 4500
008 170615b xxu||||| |||| 00| 0 eng d
020 _a0934540357
041 _aeng
080 _a329
100 _a19
101 _aSHP
245 _aDO PARTIES MAKE DIFERENCE
_cROSE.E
942 _2udc
_cBK
999 _c17484
_d17484